[Event "Barcelona Espiga de les Corts-B 1st"]
[Site "Barcelona"]
[Date "2018.06.02"]
[Round "8.1"]
[White "Gutierrez Palomino, Albert"]
[Black "Recio Reyes, Sergio"]
[Result "1/2-1/2"]
[WhiteElo "2066"]
[BlackElo "1803"]
[PlyCount "112"]
[EventDate "2018.04.14"]
[EventType "swiss"]
[EventRounds "9"]
[EventCountry "ESP"]
[SourceTitle "EXT 2024"]
[Source "ChessBase"]
[SourceDate "2023.10.10"]
[SourceVersion "1"]
[SourceVersionDate "2023.10.10"]
[SourceQuality "1"]

1. e4 e5 2. Nf3 Nc6 3. Bc4 Be7 4. d4 exd4 5. Nxd4 Nf6 6. Nc3 0-0 7. 0-0 Ne5 8. Bb3 d6 9. h3 a6 10. a4 Kh8 11. Re1 c5 12. Nf3 Ng6 13. Nd5 Be6 14. c4 Nxd5 15. exd5 Bf5 16. Bc2 Bd7 17. Bd3 Bf6 18. Qc2 Qb6 19. Rb1 Qa5 20. b3 Nh4 21. Re3 Nxf3+ 22. Rxf3 Qe1+ 23. Bf1 Qe7 24. Bf4 g5 25. Re3 Be5 26. Bxe5+ dxe5 27. Rbe1 f6 28. Bd3 Rad8 29. Qe2 Be8 30. Bf5 b5 31. axb5 axb5 32. Qg4 b4 33. Qe4 Bd7 34. h4 Bxf5 35. Qxf5 gxh4 36. Rh3 Rg8 37. Rxh4 Qg7 38. g3 Qg6 39. Qxg6 Rxg6 40. Ra1 Rg7 41. Ra6 Rf7 42. Kg2 Rdd7 43. Rh1 Kg7 44. Rha1 Rc7 45. R1a5 Rfd7 46. Rb5 Ra7 47. Rxa7 Rxa7 48. Rxc5 Ra3 49. d6 Kf7 50. Rd5 Ke8 51. Rb5 Rxb3 52. c5 Rc3 53. Rxb4 Rxc5 54. Rh4 Kd7 55. Rxh7+ Kxd6 56. Rh4 Rc7 1/2-1/2

[Event "Barcelona Espiga de les Corts-B 1st"]
[Site "Barcelona"]
[Date "2018.05.26"]
[Round "7.4"]
[White "Recio Reyes, Sergio"]
[Black "Nadal Fajardo, Ricard"]
[Result "1-0"]
[WhiteElo "1803"]
[BlackElo "1894"]
[PlyCount "39"]
[EventDate "2018.04.14"]
[EventType "swiss"]
[EventRounds "9"]
[EventCountry "ESP"]
[SourceTitle "EXT 2024"]
[Source "ChessBase"]
[SourceDate "2023.10.10"]
[SourceVersion "1"]
[SourceVersionDate "2023.10.10"]
[SourceQuality "1"]

1. d4 d6 2. Nf3 g6 3. e4 Bg7 4. Bf4 Nf6 5. Nbd2 0-0 6. Bd3 c6 7. 0-0 Nbd7 8. c3 Qc7 9. e5 Nd5 10. exd6 exd6 11. Bg3 f5 12. Re1 f4 13. Bh4 b5 14. Qb3 N7f6 15. a4 bxa4 16. Rxa4 Rb8 17. Qa2 Rb7 18. Ba6 Rb6 19. Bxc8 Qxc8 20. Nc4 1-0

[Event "Barcelona-B 1st"]
[Site "Barcelona"]
[Date "2015.12.08"]
[Round "9"]
[White "Cespedes Llaverias, Llibert"]
[Black "Recio Reyes, Sergio"]
[Result "1/2-1/2"]
[WhiteElo "1783"]
[BlackElo "1824"]
[PlyCount "32"]
[EventDate "2015.12.05"]
[EventType "tourn"]
[EventRounds "9"]
[EventCountry "ESP"]
[SourceTitle "EXT 2024"]
[Source "ChessBase"]
[SourceDate "2023.10.10"]
[SourceVersion "1"]
[SourceVersionDate "2023.10.10"]
[SourceQuality "1"]

1. e4 d5 2. Nc3 d4 3. Nce2 c5 4. d3 e5 5. f4 Bd6 6. Nf3 Nc6 7. g3 Bg4 8. Bg2 h5 9. h3 Bxf3 10. Bxf3 exf4 11. Nxf4 Qg5 12. Rg1 Ne5 13. Nd5 Nxf3+ 14. Qxf3 Qg6 15. Bf4 0-0-0 16. 0-0-0 Ne7 1/2-1/2

[Event "Cornella Pinol Memorial 2nd"]
[Site "Cornella de Llobregat"]
[Date "2014.10.20"]
[Round "4"]
[White "Serrano Pertinez, Miquel"]
[Black "Recio Reyes, Sergio"]
[Result "1-0"]
[WhiteElo "2237"]
[BlackElo "2005"]
[PlyCount "65"]
[EventDate "2014.09.29"]
[EventType "swiss"]
[EventRounds "9"]
[EventCountry "ESP"]
[SourceTitle "EXT 2016"]
[Source "ChessBase"]
[SourceDate "2015.10.08"]
[SourceVersion "1"]
[SourceVersionDate "2015.10.08"]
[SourceQuality "1"]

1. b3 e5 2. Bb2 Nc6 3. e3 d5 4. Bb5 Bd6 5. c4 a6 6. Bxc6+ bxc6 7. Nf3 Bg4 8. h3 Bxf3 9. Qxf3 Qf6 10. Qe2 Qg6 11. 0-0 Ne7 12. d3 0-0 13. Nd2 f5 14. Rac1 c5 15. b4 dxc4 16. bxc5 Bxc5 17. Nxc4 e4 18. dxe4 fxe4 19. Ne5 Qd6 20. Rfd1 Nd5 21. Qg4 Nxe3 22. fxe3 Bxe3+ 23. Kh1 Bxc1 24. Rxd6 cxd6 25. Bxc1 dxe5 26. Qxe4 Rae8 27. Kh2 Kh8 28. Be3 Rf6 29. h4 g6 30. Qb7 Rfe6 31. Qf7 R6e7 32. Qf6+ Kg8 33. Qxa6 1-0

[Event "Cornella Pinol Memorial 2nd"]
[Site "Cornella de Llobregat"]
[Date "2014.10.13"]
[Round "3"]
[White "Recio Reyes, Sergio"]
[Black "Iglesias Ojeda, Fernando"]
[Result "1/2-1/2"]
[WhiteElo "2005"]
[BlackElo "2188"]
[PlyCount "33"]
[EventDate "2014.09.29"]
[EventType "swiss"]
[EventRounds "9"]
[EventCountry "ESP"]
[SourceTitle "EXT 2016"]
[Source "ChessBase"]
[SourceDate "2015.10.08"]
[SourceVersion "1"]
[SourceVersionDate "2015.10.08"]
[SourceQuality "1"]

1. c4 Nf6 2. Nc3 g6 3. g3 Bg7 4. Bg2 0-0 5. Nf3 d5 6. cxd5 Nxd5 7. 0-0 Nxc3 8. dxc3 Nc6 9. Qxd8 Rxd8 10. e4 Be6 11. Be3 Bc4 12. Rfe1 Rd7 13. Bf1 Bxf1 14. Kxf1 a5 15. Rad1 Rad8 16. Rxd7 Rxd7 17. a4 1/2-1/2

[Event "Barcelona Tres Peons op-B 15th"]
[Site "Barcelona"]
[Date "2013.03.08"]
[Round "9"]
[White "Casasampera Boada, Joaquim"]
[Black "Recio Reyes, Sergio"]
[Result "1-0"]
[WhiteElo "1797"]
[BlackElo "1815"]
[PlyCount "77"]
[EventDate "2013.01.11"]
[EventType "swiss"]
[EventRounds "9"]
[EventCountry "ESP"]
[SourceTitle "EXT 2014"]
[Source "ChessBase"]
[SourceDate "2013.11.20"]
[SourceVersion "1"]
[SourceVersionDate "2013.11.20"]
[SourceQuality "1"]

1. Nf3 d5 2. g3 Bf5 3. Bg2 Nf6 4. 0-0 Nc6 5. d3 Qd7 6. Re1 0-0-0 7. Nbd2 h6 8. c4 d4 9. a3 g5 10. b4 g4 11. b5 gxf3 12. bxc6 Qxc6 13. Bxf3 Qa6 14. Rb1 c6 15. Nb3 e5 16. Bd2 Kc7 17. c5 Rb8 18. Qc2 Be7 19. Na5 Bd7 20. Rb2 Nd5 21. Reb1 Bc8 22. Bxd5 cxd5 23. c6 b6 24. Nb7 Bxb7 25. cxb7+ Kxb7 26. Qb3 Rbd8 27. a4 Bc5 28. Bb4 Ka8 29. Rc1 Bxb4 30. Qxb4 Qb7 31. a5 Rc8 32. Ra1 Qa6 33. Raa2 bxa5 34. Rxa5 Qc6 35. Rxa7+ Kxa7 36. Ra2+ Qa6 37. Qe7+ Kb6 38. Qd6+ Rc6 39. Rxa6+ 1-0